|
|
|
|
| LEADER |
00000ncm a2200000 a 4500 |
| 001 |
vtls008771390 |
| 003 |
SK-MaSNL |
| 005 |
20260331204916.0 |
| 007 |
qu |
| 008 |
060608s2006 xo mumegrs z b slo |
| 015 |
|
|
|a SNBH2009/03-00715
|
| 020 |
|
|
|a 809694942X (brož.)
|
| 040 |
|
|
|a SNK
|b slo
|c SNK
|e AACR2
|
| 041 |
0 |
|
|a slo
|
| 044 |
|
|
|a xo
|c SK
|
| 047 |
|
|
|a df
|a rd
|
| 048 |
|
|
|a wa02
|
| 048 |
|
|
|a ob
|
| 072 |
|
7 |
|a 785
|x Inštrumentálna hudba. Symfonická hudba. Hudba pre viac nástrojov
|2 konspekt
|
| 072 |
|
7 |
|a 37.016
|x Učebné osnovy. Vyučovacie predmety. Učebnice
|2 konspekt
|
| 080 |
|
|
|a 785.72
|2 2001
|
| 080 |
|
|
|a 78.085.1
|2 2001
|
| 080 |
|
|
|a 37.016
|2 2001
|
| 080 |
|
|
|a 78.081.3
|2 2001
|
| 080 |
|
|
|a 788.5
|2 2001
|
| 080 |
|
|
|a 78.089.6
|2 2001
|
| 084 |
|
|
|a 1.2
|2 snlmc
|
| 100 |
1 |
|
|a Kříž, Alexander,
|d 1927-
|4 cmp
|9 88155
|
| 245 |
1 |
0 |
|a Tance a rondá pre komornú hru
|h hudobnina
|n II. zošit
|c Alexander Kříž ; revidovali Silvia Balogová, Stanislav Felber, Silvia Zoričáková
|
| 250 |
|
|
|a 1. vyd.
|
| 254 |
|
|
|a Partitúra a hlasy
|
| 260 |
|
|
|a Nová Lesná
|b Alexander Kříž
|c 2006
|
| 300 |
|
|
|a 1 partitúra (12 s.)
|c 30 cm
|e 5 hlasov
|
| 506 |
|
|
|a 100 výt.
|
| 650 |
0 |
7 |
|a skladby pre flauty (2)
|2 SNKPH
|9 591913
|
| 650 |
0 |
7 |
|a komorne skladby
|2 SNKPH
|9 406541
|
| 650 |
0 |
7 |
|a Tanečné formy
|2 SNKPH
|9 305034
|
| 650 |
0 |
7 |
|a tance
|2 SVKBBPH
|9 30066
|
| 650 |
0 |
7 |
|a rondá
|2 SVKBBPH
|9 67814
|
| 655 |
|
7 |
|a partitúry a hlasy
|2 SNKPH
|9 70304
|
| 700 |
1 |
|
|a Balogová, Silvia
|4 adp
|9 591914
|
| 700 |
1 |
|
|a Felber, Stanislav,
|d 1905-1956
|4 adp
|9 56615
|
| 700 |
1 |
|
|a Zoričáková, Silvia
|4 adp
|9 478913
|
| 852 |
|
|
|a Štátna vedecká knižnica v Banskej Bystrici
|
| 919 |
|
|
|a 80-969494-2-X
|
| 999 |
|
|
|c 910665
|d 912595
|
| 952 |
|
|
|a SNK
|b SNK
|y VYP
|7 0
|p 17A0513015
|o snkHSB 3992/2 D1
|i snk2006/11538
|8 0
|0 0
|1 0
|4 0
|d 2006-06-08
|l 0
|r 2026-02-24 07:42:15
|w 2026-02-24
|
| 952 |
|
|
|a SNK
|b SNK
|y PREZ
|7 0
|p 17A0513016
|o snkHSB 3992/2
|i snk2006/11537
|8 0
|0 0
|1 0
|4 0
|d 2006-06-08
|l 0
|r 2026-02-24 07:42:15
|w 2026-02-24
|